Catalogue of Romanian revenue stamps : Ministerial and Departmental Issues (Record no. 2054)

000 -LEADER
fixed length control field 00403nam a22000977a 4500
008 - FIXED-LENGTH DATA ELEMENTS--GENERAL INFORMATION
fixed length control field 160606b xxu||||| |||| 00| 0 eng d
100 ## - MAIN ENTRY--AUTHOR'S NAME
Author's Name Eros, Laszlo
245 ## - TITLE STATEMENT
Title Catalogue of Romanian revenue stamps : Ministerial and Departmental Issues
260 ## - PUBLICATION, DISTRIBUTION, ETC. (IMPRINT)
Place of publication, distribution, etc. Cluj-Napoca, Romania
Name of publisher, distributor, etc. Transfilex S.R.L. (S.C. Ideogram S.R.L.)
Date of publication, distribution, etc. 1995
650 ## - TOPICAL TERM (Tag)
Topical term or geographic name Romania (1858-) | Revenues | Cinderella Material | Catalogs and Price Lists
Holdings
Withdrawn status Lost status Source of classification or shelving scheme Damaged status Koha normalized classification for sorting Not for loan Collection code Permanent Location Current Location Date acquired Total Checkouts Full call number Barcode Date last seen Price effective from
        G6881 R451 E71   Al Hyman Northern Philatelic Library Northern Philatelic Library 06/06/2016   G6881 R451 E71 1002389 06/06/2016 06/06/2016

Powered by Koha